[Event "Balaguer op 14th"]
[Site "Balaguer"]
[Date "2009.07.13"]
[Round "1"]
[White "Priyadharshan, Kannappan"]
[Black "Moran Rubio, Francesco"]
[Result "1-0"]
[WhiteElo "2398"]
[BlackElo "1781"]
[PlyCount "75"]
[EventDate "2009.07.13"]
[EventType "swiss"]
[EventRounds "10"]
[EventCountry "ESP"]
[SourceTitle "CBM 131 Extra"]
[Source "ChessBase"]
[SourceDate "2009.09.03"]
[SourceVersion "2"]
[SourceVersionDate "2009.09.16"]
[SourceQuality "1"]

1. d3 d5 2. a3 e5 3. g3 Nf6 4. Bg2 c6 5. Nf3 Qc7 6. 0-0 Be7 7. Nc3 Nbd7 8. e4 d4 9. Ne2 c5 10. Ne1 Bd6 11. f4 h6 12. h3 b6 13. Nf3 Bb7 14. fxe5 Nxe5 15. Nxe5 Bxe5 16. Bf4 0-0-0 17. Qd2 Nd7 18. b4 f6 19. bxc5 Qxc5 20. a4 Rde8 21. a5 b5 22. a6 Bc6 23. Kh1 Bxf4 24. Rxf4 Re5 25. Nc1 Qd6 26. c3 g5 27. Rf1 dxc3 28. Qxc3 Rc5 29. Qe1 Rc2 30. Qe3 Kb8 31. Nb3 Ka8 32. Nd4 Rxg2 33. Kxg2 Ne5 34. Nxc6 Nxc6 35. Qf3 Rf8 36. e5 Qc7 37. Rac1 Rc8 38. exf6 1-0